<?xml version="1.0" encoding="UTF-8"?><?xml-stylesheet type="text/xsl" href="static/style.xsl"?><OAI-PMH xmlns="http://www.openarchives.org/OAI/2.0/" xmlns:xsi="http://www.w3.org/2001/XMLSchema-instance" xsi:schemaLocation="http://www.openarchives.org/OAI/2.0/ http://www.openarchives.org/OAI/2.0/OAI-PMH.xsd"><responseDate>2026-06-02T03:51:32Z</responseDate><request verb="GetRecord" identifier="oai:riuma.uma.es:10630/32404" metadataPrefix="marc">https://riuma.uma.es/rest/oai/request</request><GetRecord><record><header><identifier>oai:riuma.uma.es:10630/32404</identifier><datestamp>2026-02-03T11:54:51Z</datestamp><setSpec>com_10630_2254</setSpec><setSpec>col_10630_37959</setSpec></header><metadata><record xmlns="http://www.loc.gov/MARC21/slim" xmlns:dcterms="http://purl.org/dc/terms/" xmlns:doc="http://www.lyncode.com/xoai" xmlns:xsi="http://www.w3.org/2001/XMLSchema-instance" xsi:schemaLocation="http://www.loc.gov/MARC21/slim http://www.loc.gov/standards/marcxml/schema/MARC21slim.xsd">
   <leader>00925njm 22002777a 4500</leader>
   <datafield ind2=" " ind1=" " tag="042">
      <subfield code="a">dc</subfield>
   </datafield>
   <datafield ind2=" " ind1=" " tag="720">
      <subfield code="a">Rey-Peña, Lourdes</subfield>
      <subfield code="e">author</subfield>
   </datafield>
   <datafield ind2=" " ind1=" " tag="720">
      <subfield code="a">Chamizo-Nieto, María Teresa</subfield>
      <subfield code="e">author</subfield>
   </datafield>
   <datafield ind2=" " ind1=" " tag="720">
      <subfield code="a">Quintana-Orts, Cirenia Luz</subfield>
      <subfield code="e">author</subfield>
   </datafield>
   <datafield ind2=" " ind1=" " tag="720">
      <subfield code="a">Arrivillaga, Christiane</subfield>
      <subfield code="e">author</subfield>
   </datafield>
   <datafield ind2=" " ind1=" " tag="720">
      <subfield code="a">Extremera-Pacheco, Natalio</subfield>
      <subfield code="e">author</subfield>
   </datafield>
   <datafield ind2=" " ind1=" " tag="260">
      <subfield code="c">2024</subfield>
   </datafield>
   <datafield ind2=" " ind1=" " tag="520">
      <subfield code="a">Introducción&#xd;
En los últimos años, se ha avanzado significativamente en la investigación del ciberacoso. Aunque se reconoce la influencia significativa de las interacciones entre iguales o con docentes en estudiantes vulnerables, existe una laguna de conocimiento respecto al potencial papel protector de estos factores educativos en el ciberacoso. Así, este estudio examina las interrelaciones entre el ciberacoso y el compromiso académico de los adolescentes en un periodo de cinco meses, destacando la influencia de la conectividad en el entorno escolar. &#xd;
Método&#xd;
En este estudio participaron 500 adolescentes de entre 12 a 18 años (M = 13.42, DT = 1.16) que completaron las escalas de ciberbullying (T1), conectividad con la escuela (T1) y el compromiso académico (T2) con un intervalo temporal de 5 meses entre T1 y T2.&#xd;
Resultados&#xd;
Se analizaron dos modelos con la ciberagresión o cibervictimización como VI en el T1, el compromiso académico en el T2 como VD, y la conectividad profesor-estudiante y la conectividad entre iguales en el T1 como moderadores. Los resultados mostraron que la ciberagresión se asoció negativa y significativamente con el compromiso académico en el T2, siendo la conectividad con el docente la que predijo de manera significativa dicha relación. Así, en adolescentes con comportamientos de ciberagresión, mayor conectividad con el docente se vinculó a un mayor compromiso en el T2.&#xd;
Conclusiones&#xd;
Se discuten las implicaciones del papel protector de la conectividad estudiante-profesor frente a la desconexión escolar en estudiantes con riesgo en contextos de ciberacoso.</subfield>
   </datafield>
   <datafield ind1="8" ind2=" " tag="024">
      <subfield code="a">https://hdl.handle.net/10630/32404</subfield>
   </datafield>
   <datafield tag="653" ind2=" " ind1=" ">
      <subfield code="a">Ciberacoso - Prevención</subfield>
   </datafield>
   <datafield tag="653" ind2=" " ind1=" ">
      <subfield code="a">Investigación activa en educación</subfield>
   </datafield>
   <datafield ind2="0" ind1="0" tag="245">
      <subfield code="a">El papel de la conectividad estudiante-profesor en el fenómeno del ciberacoso y sus implicaciones en el compromiso académico.</subfield>
   </datafield>
</record>
</metadata></record></GetRecord></OAI-PMH>